| 000 | 00739nam a22002057a 4500 | ||
|---|---|---|---|
| 999 |
_c20193 _d20193 |
||
| 003 | AR-CdUCM | ||
| 008 | 190527b ||||| |||| 00| 0 spa d | ||
| 040 |
_aMUNICIPALIDAD PROVINCIAL DEL CUSCO _cBIBLIOTECA MUNICIPAL DEL CUSCO |
||
| 082 |
_a657.4 / _bG77 _23ed. |
||
| 100 |
_aGoxéns Duch, Antonio _942209 |
||
| 245 | _aManual de cálculo de costos y contabilidad industrial / | ||
| 260 |
_aBarcelona : _bBoixareu, _c1969. |
||
| 300 |
_a282 páginas ; _c22 cm. |
||
| 505 | _aContenido: Teoría de los costes -- Principios del cálculo de costos -- Las formulas del cálculo de costos... | ||
| 650 |
_aCálculo de costos _942210 |
||
| 650 |
_aContabilidad _910543 |
||
| 650 |
_aPrecios _95669 |
||
| 942 |
_2ddc _cLIBROS |
||
| 945 | _aAndy | ||